LEADER 01171nam0 22002531i 450 001 SUN0055835 005 20061113120000.0 100 $a20061113d1930 |0itac50 ba 101 $aita 102 $aIT 105 $a|||| ||||| 200 1 $aVia Cassia (antica e moderna) e sue deviazioni$evia Clodia, via Trionfale, via Annia, via Traiana nova, via Amerina$estudio storico-topografico$fdi Edoardo Martinori 210 $aRoma$c[s.n.]$d1930 215 $a241 p., [3] c. di tav. ripieg.$cill.$d27 cm. 410 1$1001SUN0055837$12001 $aˆLe ‰vie maestre d'Italia$1210 $aRoma$cS.A.P.E. 606 $aVia Cassia$2FI$3SUNC019494 620 $dRoma$3SUNL000360 700 1$aMartinori$b, Edoardo$3SUNV044327$0219083 801 $aIT$bSOL$c20181109$gRICA 912 $aSUN0055835 950 $aUFFICIO DI BIBLIOTECA DEL DIPARTIMENTO DI LETTERE E BENI CULTURALI$d07 CONS Ba Roma 1359 $e07 9383 995 $aUFFICIO DI BIBLIOTECA DEL DIPARTIMENTO DI LETTERE E BENI CULTURALI$bIT-CE0103$h9383$kCONS Ba Roma 1359$oc$qa 996 $aVia Cassia (antica e moderna) e sue deviazioni$9573597 997 $aUNICAMPANIA LEADER 01857nas 2200577-a 450 001 996262749903316 005 20240112213020.0 011 $a1947-5446 035 $a(DE-599)ZDB2516755-8 035 $a(OCoLC)313355755 035 $a(CKB)1000000000709145 035 $a(CONSER)--2009202329 035 $a(EXLCZ)991000000000709145 100 $a20090309a20109999 s-- a 101 0 $aeng 135 $aur||||||||||| 181 $ctxt$2rdacontent 182 $cc$2rdamedia 183 $acr$2rdacarrier 200 00$aAnnual review of chemical and biomolecular engineering 210 $aPalo Alto, Calif. $cAnnual Reviews$d2010- 215 $a1 online resource 300 $aRefereed/Peer-reviewed 311 $a1947-5438 517 3 $aChemical and biomolecular engineering 531 $aANNU REV CHEM BIOMOL 531 $aANNU. REV. CHEM. BIOMOL. ENG 531 0 $aAnnu. review chem. biomol. eng. 606 $aChemical engineering$vPeriodicals 606 $aBiochemical engineering$vPeriodicals 606 $aMolecular biology$vPeriodicals 606 $aChemical Engineering 606 $aMolecular Biology 606 $aBiochemical engineering$2fast$3(OCoLC)fst00831936 606 $aChemical engineering$2fast$3(OCoLC)fst00852893 606 $aMolecular biology$2fast$3(OCoLC)fst01024734 608 $aPeriodicals.$2fast 610 $aChemical Engineering 615 0$aChemical engineering 615 0$aBiochemical engineering 615 0$aMolecular biology 615 12$aChemical Engineering. 615 12$aMolecular Biology. 615 7$aBiochemical engineering. 615 7$aChemical engineering. 615 7$aMolecular biology. 676 $a660 906 $aJOURNAL 912 $a996262749903316 996 $aAnnual review of chemical and biomolecular engineering$92198518 997 $aUNISA